MARC-Details
| 000 -Satzkennung |
| Kontrollfeld mit fester Länge |
02738nam a22004693i 4500 |
| 001 - Kontrollnummer |
| Kontrollfeld |
EBC931821 |
| 003 - Kontrollnummer Identifier |
| Kontrollfeld |
MiAaPQ |
| 005 - Datum und Zeit der letzten Transaktion |
| Kontrollfeld |
20260417114912.0 |
| 007 - Feld mit fester Länge zur physischen Beschreibung - Allgemeine Information |
| Kontrollfeld mit fester Länge |
cr cnu|||||||| |
| 008 - Feld mit fester Länge zur physischen Beschreibung - Allgemeine Angaben |
| Kontrollfeld mit fester Länge |
260416s2012 xx o ||||0 eng d |
| 020 ## - Internationale Standardbuchnummer |
| Internationale Standardbuchnummer |
9781137008367 |
| Nähere Angaben |
(electronic bk.) |
| 020 ## - Internationale Standardbuchnummer |
| Gelöschte/ungültige ISBN |
9781137008350 |
| 040 ## - Katalogisierungsquelle |
| Original-Katalogisierungsstelle |
MiAaPQ |
| Katalogisierungssprache |
eng |
| Übertragungsstelle |
MiAaPQ |
| 100 1# - Haupteintragung - Personenname |
| Personenname |
Allinson, Rayne. |
| Koha-Normdatenidentnummer |
69054 |
| 245 12 - Titel |
| Titel |
A Monarchy of Letters : |
| Zusatz zum Titel |
Royal Correspondence and English Diplomacy in the Reign of Elizabeth I. |
| 250 ## - Ausgabebezeichnung |
| Ausgabebezeichnung |
1st ed. |
| 264 #1 - Produktion, Veröffentlichung, Distribution, Herstellung und Urheberrechtsvermerk |
| Herstellungs-, Veröffentlichungs- Vertriebs-, Erzeugungsort |
New York : |
| Produzent, Herausgeber, Distributor, Hersteller |
Palgrave Macmillan, |
| Datum der Herstellung, der Veröffentlichung, des Vertriebs oder des Urheberschutzvermerks |
2012. |
| 264 #4 - Produktion, Veröffentlichung, Distribution, Herstellung und Urheberrechtsvermerk |
| Datum der Herstellung, der Veröffentlichung, des Vertriebs oder des Urheberschutzvermerks |
©2012. |
| 300 ## - Physische Beschreibung |
| Umfang |
1 online resource (266 pages) |
| 336 ## - Inhaltstyp |
| Inhaltstypterm |
Text |
| Inhaltstypcode |
txt |
| Quelle |
rdacontent |
| 337 ## - Medientyp |
| Bezeichnung des Medientyps |
Computermedien |
| Medientypcode |
c |
| Quelle |
rdamedia |
| 338 ## - Datenträgertyp |
| Datenträgertypbezeichnung |
Online Resource |
| Datenträgertypcode |
cr |
| Quelle |
rdacarrier |
| 490 0# - Gesamttitelangabe |
| Gesamttitelangabe |
Queenship and Power Series |
| 500 ## - Allgemeine Fußnote |
| Allgemeine Fußnote |
E-Book-ProQuest / Fernzugriff nach Registrierung möglich |
| 505 0# - Fußnote zu strukturierten Inhaltsangaben |
| Fußnote zu strukturierten Inhaltsangaben |
Intro -- Title -- Copyright -- Dedication -- Contents -- List of Illustrations -- Preface -- A Note on Style -- Acknowledgments -- 1 Tedius and Paynefull: Letter Writing in English Royal Diplomacy -- 2 My Skrating Hand: The Making of Elizabeth's Correspondence -- 3 Entering the Stage: Elizabeth's Use of Letters Her Early Reign, 1558-1559 -- 4 War of Words: King Philip II of Spain, 1558-1584 -- 5 Silent Diplomacy: Queen Mary I of Scotland, 1559-1587 -- 6 Marriage and Motherhood: Catherine de' Médici, Queen Mother of France, 1559-1588 -- 7 Inward and Secret Letters: Tsar Ivan IV of Russia, 1561-1583 -- 8 Letters Full of Marvels: Sultan Murad III of the Ottoman Empire, 1579-1595 -- 9 Well Worth a Letter: King Henry IV of France, 1572-1603 -- 10 Mine Own Hand: King James VI of Scotland, 1579-1603 -- Conclusion -- List of Abbreviations Used in Notes -- Notes -- Additional Reading -- Index. |
| 520 ## - Fußnote zu Zusammenfassungen usw. |
| Fußnote zur Zusammenfassung usw. |
This book examines Elizabeth's correspondence with several significant rulers, analyzing how her letters were constructed, drafted and presented, the rhetorical strategies used, and the role these letters played in facilitating diplomatic relations. |
| 600 ## - Nebeneintragung unter einem Schlagwort - Personenname |
| Personenname |
Elisabeth > I. > England, Königin > 1533-1603 |
| Koha-Normdatenidentnummer |
69070 |
| 650 ## - Nebeneintragung unter einem Schlagwort - Sachschlagwort |
| Sachschlagwort oder geografischer Name als Eintragungselement |
Außenpolitik |
| 650 ## - Nebeneintragung unter einem Schlagwort - Sachschlagwort |
| Sachschlagwort oder geografischer Name als Eintragungselement |
Politische Kommunikation |
| 650 ## - Nebeneintragung unter einem Schlagwort - Sachschlagwort |
| Sachschlagwort oder geografischer Name als Eintragungselement |
Brief |
| Koha-Normdatenidentnummer |
2313 |
| 650 ## - Nebeneintragung unter einem Schlagwort - Sachschlagwort |
| Sachschlagwort oder geografischer Name als Eintragungselement |
Kommunikation |
| 650 ## - Nebeneintragung unter einem Schlagwort - Sachschlagwort |
| Sachschlagwort oder geografischer Name als Eintragungselement |
Diplomatie |
| 651 ## - Nebeneintragung unter einem Schlagwort - Geografischer Name |
| Geografischer Name |
England |
| 653 ## - Indexierungsterm - Nicht normiert |
| Nicht-normierter Term |
History, Modern. |
| 655 ## - Indexierungsterm - Genre/Form |
| Genre/Form oder fokussierter Term |
Fernzugriff |
| Koha-Normdatenidentnummer |
230 |
| 655 #4 - Indexierungsterm - Genre/Form |
| Genre/Form oder fokussierter Term |
|
| 776 08 - Andere physische Form |
| Verweisungsphrase |
Print version: |
| Haupteintragung |
Allinson, Rayne |
| Titel |
A Monarchy of Letters |
| Ort, Verlag und Erscheinungsjahr |
New York : Palgrave Macmillan,c2012 |
| Internationale Standardbuchnummer |
9781137008350 |
| 856 40 - Elektronische Adresse und Zugriff |
| URL |
<a href="https://ebookcentral.proquest.com/lib/maxweberstiftung-ebooks/detail.action?docID=931821">https://ebookcentral.proquest.com/lib/maxweberstiftung-ebooks/detail.action?docID=931821</a> |
| OPAC-Notiz |
Volltext |
| 942 ## - Zusätzliche Felder (Koha) |
| Koha-Medientyp |
E-Books |
| Klassifikation oder Aufstellungssystematik |
Andere/Generische Klassifikation |